नया सवेरा: (Record no. 207967)

MARC details
000 -LEADER
fixed length control field 00842nam a22001937a 4500
005 - DATE AND TIME OF LATEST TRANSACTION
control field 20250102114056.0
010 ## - LCCN (DPL NO)
LC control number HIN-129086
020 ## - INTERNATIONAL STANDARD BOOK NUMBER
International Standard Book Number 9788195916474
Terms of availability 500.00
035 ## - SYSTEM CONTROL NUMBER
System control number HN-101432
037 ## - SOURCE OF ACQUISITION
Source of stock number/acquisition DBAD
082 ## - DEWEY DECIMAL CLASSIFICATION NUMBER
Classification number 822
100 ## - MAIN ENTRY--PERSONAL NAME
Personal name वर्मा, हरिशरण
245 ## - TITLE STATEMENT
Title नया सवेरा:
Remainder of title नाटक संग्रह/
Statement of responsibility, etc हरिशरण वर्मा
260 ## - PUBLICATION, DISTRIBUTION, ETC. (IMPRINT)
Place of publication, distribution, etc जगतपुरी एक्सटेंशन
Name of publisher, distributor, etc एस.पी.कौशिक
Date of publication, distribution, etc 2023
270 ## - ADDRESS
Address ए-49, भू-तल,गली नं. 6, जगतपुरी एक्दिसटेंशन
City दिल्ली
Postal code 110093
Telephone number 0-8851515756
Electronic mail address spkaushikenterprises@gmail.com
300 ## - PHYSICAL DESCRIPTION
Extent 160 पृ.
Dimensions 23 सेमी (सजिल्द)
700 ## - ADDED ENTRY--PERSONAL NAME
9 (RLIN) 75670
942 ## - ADDED ENTRY ELEMENTS (KOHA)
Source of classification or shelving scheme Dewey Decimal Classification
Item type Hindi Books
Classification part 822
Call number suffix वर्माह
Holdings
Withdrawn status Lost status Not for loan Collection code Home library Current library Date acquired Source of acquisition Cost, normal purchase price Full call number Barcode Copy number Cost, replacement price Koha item type
      Non-fiction Central Library Central Library 02/01/2025 DBAD 500.00 822 वर्माह HN-101432 1 500.00 Hindi Books

© Delhi Public Library
Hit Counter
free hit counter